00833nam a22001577a 4500008004100000020001500041082001900056100003300075245003900108260023600147300001700383440002700400650011500427999001500542952011800557180829b xxu||||| |||| 00| 0 eng d a9709703587 a777.092bD948p aDurán, María Elena96636 aPeter Greenaway. Un pintor de luz. aMéxicobInstituto Nacional de Bellas Artes y LiteraturabCentro Nacional de las Artes bCentro Nacional de Investigación, Documentación e Información de Artes Plásticas (CENDIAPbEstampa Artes Gráficas S.A. de C.Vc2012 a19 p.c21cm. aEnsayos Abrevian96618 2Arte contemporáneoxCinexCine - pinturaxCine - biografíaxArtistas - biografíaxGreenaway, Peter96637 c1599d1599 00102ddc4070aLVbLVcMonografíasd2018-08-29l0o777.092 D948pp004658r2018-08-29 00:00:00w2018-08-29y01